000 05076cam a22019334i 4500
003 PE-LiUPU
005 20250813165521.0
008 180611s2014 sp a rb 000 0 spa d
020 _a8433027387
020 _a9788433027382
035 _a(Sirsi) a248841
040 _aPE-LiUPU
_bspa
_cPE-LiUPU
_erda
049 _aPRUA
082 0 4 _a616.89
_bV8
_220
082 0 4 _a150
_bE23
245 0 3 _aLa vocación y formación del psicólogo clínico /
_cAquilino Polaino-Lorente y Gema Pérez Rojo (coords.).
264 1 _aBilbao :
_bDesclée de Brouwer,
_c2014.
300 _a115 páginas ;
_c22 centímetros.
336 _atext
_2rdacontent
337 _aunmediated
_2rdamedia
338 _avolume
_2rdacarrier
490 0 _aSerendipity ;
_v49
504 _aBibliografía al final de cada capítulo.
505 0 _aConstantes humanas, antropología y psicoterapia, Rafael Gómez Pérez -- La formación para la vocación del psicólogo clínico, Javier Barranca Mairal -- Rasgos relevantes en la personalidad del psicólogo clínico infantil, Carmen Ávila de Encío -- Algunas exigencias éticas en las organizaciones asistenciales de psicología clínica, Jaime Urcelay Alonso -- Kierkegaard y los psicoterapeutas, Aquilino Polaino-Lorente.
526 _aP203
526 _aP200
526 _aSEG65
526 _aSEG64
526 _aSEG63
526 _aSEG62
526 _aSEG61
526 _aSEG60
526 _aSEG59
526 _aSEG58
526 _aSEG57
526 _aSEG56
526 _aSEG55
526 _aSEG54
526 _aSEG53
526 _aSEG52
526 _aSEG51
526 _aSEG50
526 _aSEG49
526 _aSEG48
526 _aSEG47
526 _aSEG46
526 _aSEG24
526 _aSEG23
526 _aSEG22
526 _aSEG21
526 _aSEG20
526 _aSEG19
526 _aSEG18
526 _aSEG17
526 _aSEG16
526 _aSEG14
526 _aSEG13
526 _aSEG12
526 _aSEG11
526 _aSEG10
526 _aSEG09
526 _aSEG06
526 _aSEG05
526 _aSEG04
526 _aSEG03
526 _aSEG02
526 _aSEG68
526 _aSEG66
526 _aSEG45
526 _aSEG25
526 _aSEG01
526 _aP163
526 _aP162
526 _aP161
526 _aP160
526 _aP159
526 _aP158
526 _aP157
526 _aP156
526 _aP155
526 _aP154
526 _aP153
526 _aP152
526 _aP151
526 _aP150
526 _aP149
526 _aP142
526 _aP141
526 _aP140
526 _aP139
526 _aP138
526 _aP137
526 _aP132
526 _aP131
526 _aP130
526 _aP126
526 _aP125
526 _aP124
526 _aP123
526 _aP115
526 _aP122
526 _aP121
526 _aP116
526 _a P114
526 _aP112
526 _aP111
526 _aP104
526 _aP103
526 _aP102
526 _aP101
526 _aP100
526 _aP96
526 _aP95
526 _aP93
526 _aP92
526 _aP91
526 _aP88
526 _aP83
526 _aP82
526 _aP79
526 _aP78
526 _aP75
526 _aP74
526 _aP71
526 _aP69
526 _a P51
526 _aP49
526 _aP48
526 _aP47
526 _aP33
526 _aP31
526 _a P30
526 _aP29
526 _aP27
526 _aP26
526 _aP25
526 _aP24
526 _a P22
526 _aP10
526 _aP09
526 _a P08
526 _aP06
526 _aP05
526 _aP04
526 _aP01
541 _g002-00000084;
541 _g002-00000300;
650 0 4 _aPsicólogos clínicos
_xFormacion profesional.
650 0 4 _aPsicología clínica.
_91930
650 0 4 _aClinical psychologists
_xOccupational training.
650 0 4 _aClinical psychology.
700 1 _aPolaino-Lorente, Aquilino,
_ecoordinador.
700 1 _aPérez Rojo, Gema,
_ecoordinador.
910 _adbm
_bncf
_cncf
_d20180611
910 _armch
_btqv
_cJFB
_d20180917
942 _2ddc
_cBOOK
949 _a150 E23 2014
_wDEWEY
_c1
_iFJ11616
_lCCODEBUJ1
_mBUJ
_p15.00
_r0
_sY
_tBOOK
_u2018-09-17
_xSALUD
_PP33
_0COMPRA
_o.STAFF. Colección General Juliaca
994 _aC0
_bPEPRU
598 _aCATALOGING
596 _a1 3
596 _aBCJ
999 _a616.89 V8
_wDEWEY
_c28469
_i78668
_d28469
_e2019-3-6
_f2021-11-4
_g4
_lCCODEBUL1
_mBUL
_n1
_p14.41
_r0
_sY
_tBOOK
_u2018-6-11
_xSALUD
_zP33
_0COMPRA
_1FCOMPRA
_o.STAFF. Colección Ciencias de la Salud
999 _a150 E23 2014
_wDEWEY
_c1
_iFJ11616
_d2019-7-12
_f2022-1-17
_g3
_lCCODEBUJ1
_mBUJ
_p15.00
_q3
_r0
_sY
_tBOOK
_u2018-9-17
_xSALUD
_zP33
_0COMPRA
_1FCOMPRA
_o.STAFF. Colección General de Juliaca
980 _81
_gALBERTO SANCHEZ Responsable de Automatización